[Event "288th YMCA Spring C"]
[Site "Warsaw"]
[Date "2024.06.05"]
[Round "9"]
[White "Kuc, Mariusz"]
[Black "Korsun, Wadym"]
[Result "0-1"]
[WhiteElo "1748"]
[BlackElo "1714"]
[PlyCount "52"]
[EventDate "2024.04.10"]
[EventType "tourn"]
[EventRounds "1"]
[EventCountry "POL"]
[SourceDate "2024.04.10"]

1. e4 e5 2. Nf3 Nc6 3. d4 exd4 4. Nxd4 Nf6 5. Nxc6 bxc6 6. e5 Nd5 7. c4 Nb6 8.
Be2 Be7 9. O-O O-O 10. Nd2 d5 11. b3 Re8 12. Bb2 Be6 13. Qc2 f5 14. c5 Nd7 15.
b4 g6 16. Nb3 Nf8 17. Rfd1 Bd7 18. e6 Nxe6 19. Qc3 Kf7 20. Qh3 Ng5 21. Qd3 Bf6
22. Nd4 Ne6 23. Bf3 Nxd4 24. Bxd4 Bxd4 25. Qxd4 Qf6 26. h4 Re1+ 0-1

[Event "288th YMCA Spring C"]
[Site "Warsaw"]
[Date "2024.06.05"]
[Round "9"]
[White "Bartczak, Hanna"]
[Black "Mazan, Dawid"]
[Result "1-0"]
[WhiteElo "1636"]
[BlackElo "1642"]
[PlyCount "111"]
[EventDate "2024.04.10"]
[EventType "tourn"]
[EventRounds "1"]
[EventCountry "POL"]
[SourceDate "2024.04.10"]

1. d4 Nf6 2. Nc3 d5 3. Bf4 g6 4. e3 Bg7 5. h3 O-O 6. Nf3 Bf5 7. Bd3 Bxd3 8.
Qxd3 c6 9. O-O Nbd7 10. Ne5 Nh5 11. Bh2 Nxe5 12. dxe5 Bh8 13. g4 Ng7 14. Rad1
e6 15. e4 h5 16. Ne2 Qh4 17. Qf3 dxe4 18. Qg3 Qxg3+ 19. Nxg3 hxg4 20. hxg4 Rfd8
21. Nxe4 Ne8 22. c4 Bg7 23. b3 Bf8 24. Nd6 Bxd6 25. exd6 Rd7 26. c5 Nf6 27. f3
Nd5 28. Kf2 f6 29. a3 Rh7 30. Bg3 Kf7 31. b4 Rah8 32. Rb1 Ke8 33. Rb3 Kd7 34.
a4 Rh1 35. b5 Rxf1+ 36. Kxf1 Rh1+ 37. Ke2 Ra1 38. bxc6+ Kxc6 39. Rxb7 Kxb7 40.
d7 Nc3+ 41. Kf2 Rd1 42. Bd6 Nxa4 43. d8=Q Nc3 44. Qd7+ Ka6 45. Qc6+ Ka5 46.
Bc7+ Kb4 47. Bd6 a5 48. Qb6+ Nb5 49. Bc7 Ra1 50. Bf4 a4 51. c6 a3 52. c7 a2 53.
Bd2+ Kc4 54. c8=Q+ Nc7 55. Qcxc7+ Kd5 56. Qbd6# 1-0

[Event "288th YMCA Spring C"]
[Site "Warsaw"]
[Date "2024.06.07"]
[Round "9"]
[White "Bronowski, Franciszek"]
[Black "Hartman, Aleksander"]
[Result "1-0"]
[WhiteElo "1659"]
[BlackElo "1716"]
[PlyCount "47"]
[EventDate "2024.04.10"]
[EventType "tourn"]
[EventRounds "1"]
[EventCountry "POL"]
[SourceDate "2024.04.10"]

1. Nf3 g6 2. c4 Bg7 3. Nc3 Nf6 4. d4 O-O 5. e4 d6 6. Be2 e5 7. O-O Nc6 8. d5
Ne7 9. b4 a5 10. bxa5 Ne8 11. Nd2 f5 12. c5 f4 13. Nc4 g5 14. Nb5 Ng6 15. Ba3
Rf6 16. Rc1 Nh4 17. cxd6 cxd6 18. Nb6 Rb8 19. f3 Rh6 20. Na7 g4 21. Naxc8 Nxg2
22. Kxg2 Qh4 23. Rh1 g3 24. h3 1-0

[Event "288th YMCA Spring C"]
[Site "Warsaw"]
[Date "2024.04.30"]
[Round "9"]
[White "Okurowski, Michal"]
[Black "Glowacki, Mateusz"]
[Result "0-1"]
[WhiteElo "1738"]
[BlackElo "1625"]
[PlyCount "68"]
[EventDate "2024.04.10"]
[EventType "tourn"]
[EventRounds "1"]
[EventCountry "POL"]
[SourceDate "2024.04.10"]

1. e4 c5 2. c3 d5 3. exd5 Nf6 4. Nf3 Nxd5 5. d4 e6 6. Be2 Nc6 7. O-O Be7 8. c4
Nf6 9. dxc5 Qxd1 10. Rxd1 Bxc5 11. Nc3 O-O 12. h3 e5 13. Bg5 Be6 14. Bxf6 gxf6
15. Ne4 Be7 16. Nd6 b6 17. Nb5 Rad8 18. a3 a6 19. Nc7 e4 20. Nd2 f5 21. Nxa6
Nd4 22. Bf1 Bg5 23. Kh1 e3 24. fxe3 Nc2 25. Nf3 Nxa1 26. Rxa1 Bxe3 27. Nc7 Rd7
28. Nxe6 fxe6 29. Re1 f4 30. Ne5 Rd2 31. b4 Rfd8 32. Kh2 Rd1 33. Rxd1 Rxd1 34.
Be2 Re1 0-1

[Event "288th YMCA Spring C"]
[Site "Warsaw"]
[Date "2024.05.20"]
[Round "10"]
[White "Wiktorowski, Janusz"]
[Black "Glowacki, Mateusz"]
[Result "1-0"]
[WhiteElo "1623"]
[BlackElo "1625"]
[PlyCount "51"]
[EventDate "2024.04.10"]
[EventType "tourn"]
[EventRounds "1"]
[EventCountry "POL"]
[SourceDate "2024.04.10"]

1. e4 c5 2. Nf3 a6 3. d4 cxd4 4. Nxd4 Nf6 5. Nc3 e5 6. Nf3 Bb4 7. Bc4 Qc7 8.
Qd3 b5 9. Bd5 Nxd5 10. exd5 Bxc3+ 11. bxc3 d6 12. O-O O-O 13. Ng5 g6 14. Be3
Bf5 15. Qd2 Nd7 16. f4 Rac8 17. fxe5 Qxc3 18. exd6 Qxd2 19. Bxd2 Rxc2 20. Bb4
Rc4 21. a3 h6 22. Nf3 Re8 23. h3 Ne5 24. Nxe5 Rxe5 25. Rad1 h5 26. Rxf5 1-0

[Event "288th YMCA Spring C"]
[Site "Warsaw"]
[Date "2024.06.20"]
[Round "10"]
[White "Hartman, Aleksander"]
[Black "Okurowski, Michal"]
[Result "1-0"]
[WhiteElo "1716"]
[BlackElo "1738"]
[PlyCount "83"]
[EventDate "2024.04.10"]
[EventType "tourn"]
[EventRounds "1"]
[EventCountry "POL"]
[SourceDate "2024.04.10"]

1. e4 d5 2. exd5 Nf6 3. Nc3 Nxd5 4. Bc4 e6 5. Nf3 Nxc3 6. bxc3 Nc6 7. O-O Bd6
8. d4 O-O 9. Bg5 Be7 10. Bxe7 Qxe7 11. Re1 Qf6 12. Rb1 b6 13. Bb5 Bb7 14. Bxc6
Bxc6 15. Ne5 Bb7 16. Re3 Rfd8 17. Qh5 Qf5 18. Qh4 Qxc2 19. Rbe1 f6 20. Ng4 Bd5
21. Nxf6+ gxf6 22. Qxf6 Rd7 23. Rg3+ Qg6 24. Rxg6+ hxg6 25. Rxe6 Bxe6 26. Qxe6+
Rf7 27. Qxg6+ Rg7 28. Qe6+ Rf7 29. h4 Raf8 30. h5 Kh8 31. Qh6+ Kg8 32. Qg6+ Rg7
33. Qe6+ Rff7 34. h6 Rh7 35. g4 Kf8 36. g5 Re7 37. Qc8+ Kf7 38. Qf5+ Kg8 39.
Qd5+ Kf8 40. g6 Rxh6 41. Qd8+ Re8 42. Qf6+ 1-0

[Event "288th YMCA Spring C"]
[Site "Warsaw"]
[Date "2024.06.12"]
[Round "10"]
[White "Bartczak, Hanna"]
[Black "Bronowski, Franciszek"]
[Result "1/2-1/2"]
[WhiteElo "1636"]
[BlackElo "1659"]
[PlyCount "152"]
[EventDate "2024.04.10"]
[EventType "tourn"]
[EventRounds "1"]
[EventCountry "POL"]
[SourceDate "2024.04.10"]

1. d4 Nf6 2. Nc3 d5 3. Bf4 e6 4. e3 Bb4 5. Nge2 O-O 6. a3 Be7 7. Nc1 c5 8. Be2
Nbd7 9. Nb5 a6 10. Bc7 Qe8 11. Nd6 Bxd6 12. Bxd6 cxd4 13. exd4 e5 14. Bxf8 Nxf8
15. O-O exd4 16. Qxd4 Bf5 17. Bd3 Ne6 18. Qb4 Be4 19. f3 Bxd3 20. Nxd3 b5 21.
Rfe1 Rc8 22. Qd2 Qd8 23. c3 d4 24. Nf2 Qa5 25. Ne4 Nxe4 26. Rxe4 dxc3 27. bxc3
Rxc3 28. f4 Qb6+ 29. Kf1 Qc6 30. Rae1 h6 31. f5 Rc2 32. Qe3 Ng5 33. Re8+ Kh7
34. Qg3 Qc4+ 35. Kg1 Qc5+ 36. Qe3 Qxf5 37. h4 Ne6 38. Qe4 Qxe4 39. Rxe4 Ra2 40.
Re3 Nc7 41. Rc8 Nd5 42. Rf3 b4 43. axb4 Rb2 44. Rxf7 Rxb4 45. g3 Nf6 46. Rcc7
Nh5 47. Kh2 Rg4 48. Rc3 Nf6 49. Ra3 Ne4 50. Rf4 Rxf4 51. gxf4 Nc5 52. Ra5 Ne6
53. Kg3 Nc7 54. Kg4 Kg6 55. h5+ Kh7 56. f5 Kg8 57. Rc5 Ne8 58. Rc8 Kf7 59. Ra8
Nf6+ 60. Kh4 Ke7 61. Rxa6 Kf7 62. Ra1 Nd5 63. Ra6 Nf6 64. Ra7+ Kg8 65. Ra1 Kf7
66. Rh1 Ne4 67. Rg1 Nf6 68. Rg2 Kg8 69. Rh2 Kf7 70. Kg3 Ne4+ 71. Kf4 Nf6 72.
Rh3 Nd5+ 73. Ke5 Nf6 74. Rh4 Nd7+ 75. Kd6 Nf6 76. Kc6 Ne8 1/2-1/2

[Event "288th YMCA Spring C"]
[Site "Warsaw"]
[Date "2024.06.12"]
[Round "10"]
[White "Korsun, Wadym"]
[Black "Mazan, Dawid"]
[Result "0-1"]
[WhiteElo "1714"]
[BlackElo "1642"]
[PlyCount "78"]
[EventDate "2024.04.10"]
[EventType "tourn"]
[EventRounds "1"]
[EventCountry "POL"]
[SourceDate "2024.04.10"]

1. e4 e5 2. Nf3 Nc6 3. Bb5 a6 4. Ba4 d6 5. c3 f5 6. exf5 Bxf5 7. d4 e4 8. Ng1
b5 9. Bc2 d5 10. Ne2 Bd6 11. Bf4 Nf6 12. Bg3 O-O 13. O-O Ne7 14. Nd2 Ng6 15.
Re1 Bg4 16. Nf1 Nh5 17. Ne3 Bxe2 18. Qxe2 Nhf4 19. Qd1 h5 20. Rf1 Qg5 21. Kh1
c6 22. a4 h4 23. Bxf4 Qxf4 24. Ng4 Rf5 25. g3 Qg5 26. f4 Qh5 27. Ne3 hxg3 28.
Qxh5 Rxh5 29. Ng2 Rxh2+ 30. Kg1 Nxf4 31. Nxf4 Bxf4 32. Rxf4 Rxc2 33. axb5 cxb5
34. Rf5 Rxb2 35. Rxd5 a5 36. Rg5 a4 37. Rxg3 Rc8 38. d5 Rd2 39. Re1 Rc4 0-1

[Event "288th YMCA Spring C"]
[Site "Warsaw"]
[Date "2024.06.12"]
[Round "10"]
[White "Gozdzikowski, Franciszek"]
[Black "Kuc, Mariusz"]
[Result "0-1"]
[WhiteElo "1745"]
[BlackElo "1748"]
[PlyCount "40"]
[EventDate "2024.04.10"]
[EventType "tourn"]
[EventRounds "1"]
[EventCountry "POL"]
[SourceDate "2024.04.10"]

1. e4 d6 2. d4 Nf6 3. Nc3 e5 4. dxe5 dxe5 5. Qxd8+ Kxd8 6. Bg5 c6 7. O-O-O+
Nbd7 8. Nf3 Ke8 9. Bc4 Bc5 10. Bh4 Bb6 11. Bg3 Bc7 12. Rhe1 h6 13. Bb3 Nh5 14.
Nh4 Nxg3 15. hxg3 g6 16. Ne2 Nc5 17. f4 Nxb3+ 18. axb3 Bg4 19. Nf3 f6 20. Rd3
Rd8 $138 0-1

[Event "288th YMCA Spring C"]
[Site "Warsaw"]
[Date "2024.06.12"]
[Round "10"]
[White "Marczukiewicz, Slawomir"]
[Black "Jaroszuk, Marcin"]
[Result "0-1"]
[WhiteElo "1653"]
[BlackElo "1744"]
[PlyCount "110"]
[EventDate "2024.04.10"]
[EventType "tourn"]
[EventRounds "1"]
[EventCountry "POL"]
[SourceDate "2024.04.10"]

1. e4 e5 2. Nf3 Nc6 3. Bc4 Nf6 4. d3 Be7 5. Nc3 d6 6. a3 O-O 7. h3 Kh8 8. g4
Be6 9. Be3 d5 10. exd5 Nxd5 11. Nxd5 Bxd5 12. Bb5 e4 13. Bxc6 exf3 14. Ba4 $11
Qd6 15. c4 Bc6 16. Bc2 Rfe8 17. Qd2 Bg5 18. O-O-O Bxe3 19. fxe3 f2 20. e4 b5
21. cxb5 Bxb5 22. Qxf2 Re7 23. d4 Bc6 24. d5 Bd7 25. Qd4 a5 26. g5 Qf4+ 27. Qd2
Qe5 28. Kb1 Rb8 29. Bd3 Ba4 30. Rc1 Ree8 31. h4 Rb6 32. Qc3 Qxc3 33. Rxc3 Reb8
34. Rh2 R6b7 35. Rc5 Ra7 36. Bc4 Kg8 37. Rf2 Be8 38. e5 Rb6 39. h5 g6 40. h6
Rb8 41. Rc2 Kf8 42. Kc1 Bd7 43. e6 fxe6 44. dxe6 Be8 45. Ba2 c6 46. Rd2 Ke7 47.
Rc3 Rb5 48. Rf3 $11 Rxg5 49. Rf7+ Bxf7 50. exf7 Re5 51. Rf2 Kf8 52. Rf6 Rc7 53.
Rxg6 hxg6 54. h7 Rh5 55. Bb1 Kxf7 0-1

[Event "288th YMCA Spring C"]
[Site "Warsaw"]
[Date "2024.06.13"]
[Round "11"]
[White "Kuc, Mariusz"]
[Black "Marczukiewicz, Slawomir"]
[Result "1/2-1/2"]
[WhiteElo "1748"]
[BlackElo "1653"]
[PlyCount "44"]
[EventDate "2024.04.10"]
[EventType "tourn"]
[EventRounds "1"]
[EventCountry "POL"]
[SourceDate "2024.04.10"]

1. e4 e5 2. Nf3 Nf6 3. Nxe5 Qe7 4. Nf3 Qxe4+ 5. Be2 Be7 6. Nc3 Qg6 7. d4 Ne4 8.
Nxe4 Qxe4 9. O-O O-O 10. Re1 Bf6 11. Bd3 Qc6 12. Ne5 Bxe5 13. dxe5 f5 14. Qe2
d5 15. e6 Rf6 16. Bf4 Rxe6 17. Qf3 Na6 18. Qg3 Bd7 19. Qh3 Rae8 20. Rxe6 Qxe6
21. g4 Qg6 22. g5 c5 1/2-1/2

[Event "288th YMCA Spring C"]
[Site "Warsaw"]
[Date "2024.06.19"]
[Round "11"]
[White "Mazan, Dawid"]
[Black "Gozdzikowski, Franciszek"]
[Result "1/2-1/2"]
[WhiteElo "1642"]
[BlackElo "1745"]
[PlyCount "50"]
[EventDate "2024.04.10"]
[EventType "tourn"]
[EventRounds "1"]
[EventCountry "POL"]
[SourceDate "2024.04.10"]

1. e4 e5 2. Nf3 Nc6 3. g3 Nf6 $11 4. Nc3 d6 5. Bg2 Be7 6. h3 h6 7. d4 exd4 8.
Nxd4 Nxd4 9. Qxd4 O-O 10. O-O c6 11. b3 Be6 12. Bb2 Qb6 13. Qd3 Rad8 14. Kh2
Nd7 15. Na4 Qc7 16. f4 f5 17. Qe3 Bf6 18. exf5 Bxf5 19. Bxf6 Nxf6 20. Qxa7 Bxc2
21. Qd4 Bg6 $11 22. Rae1 Rfe8 23. Rxe8+ Rxe8 24. Rd1 d5 25. Nc5 Be4 $11 1/2-1/2

[Event "288th YMCA Spring C"]
[Site "Warsaw"]
[Date "2024.06.19"]
[Round "11"]
[White "Bronowski, Franciszek"]
[Black "Korsun, Wadym"]
[Result "0-1"]
[WhiteElo "1659"]
[BlackElo "1714"]
[PlyCount "74"]
[EventDate "2024.04.10"]
[EventType "tourn"]
[EventRounds "1"]
[EventCountry "POL"]
[SourceDate "2024.04.10"]

1. Nf3 d5 2. g3 Nf6 3. Bg2 Bf5 4. O-O e6 5. d3 Be7 6. Nbd2 O-O 7. h3 c5 8. Nh4
Nc6 9. Nxf5 exf5 10. c4 d4 11. Nf3 Re8 12. e3 Bf8 13. exd4 Nxd4 14. Be3 Nc6 15.
Qb3 Rb8 16. Rfd1 Qc7 17. d4 Ne4 18. d5 Na5 19. Qa4 Bd6 20. b4 cxb4 21. Bxa7 Ra8
22. c5 Bxc5 23. Bxc5 Qxc5 24. Nd4 Nc3 25. Qc2 Rac8 26. Rac1 g6 27. Qd3 Nc4 28.
Re1 Nd6 29. Rxe8+ Rxe8 30. Nb3 Qa7 31. Ra1 Re2 32. Nd4 Rxa2 33. Rxa2 Qxa2 34.
Qe3 b3 35. Nxf5 b2 36. Ne7+ Kf8 37. Nxg6+ hxg6 0-1

[Event "288th YMCA Spring C"]
[Site "Warsaw"]
[Date "2024.06.19"]
[Round "11"]
[White "Okurowski, Michal"]
[Black "Bartczak, Hanna"]
[Result "1-0"]
[WhiteElo "1738"]
[BlackElo "1636"]
[PlyCount "43"]
[EventDate "2024.04.10"]
[EventType "tourn"]
[EventRounds "1"]
[EventCountry "POL"]
[SourceDate "2024.04.10"]

1. e4 c5 2. c3 d5 3. exd5 Qxd5 4. Nf3 Nc6 5. d4 cxd4 6. cxd4 e6 7. Be2 Nf6 8.
Nc3 Qd8 9. O-O a6 10. Bc4 b5 11. Bb3 Na5 12. Bf4 Bd6 13. Bxd6 Qxd6 14. Re1 O-O
15. Bc2 Bb7 16. Ne5 Rfd8 17. Ne4 Nxe4 18. Bxe4 Qxd4 19. Qf3 Bxe4 20. Rxe4 Qxb2
21. Qxf7+ Kh8 22. Ng6+ 1-0